00599 2200205 4500001002100000005001500021035002000036007000300056008003900059082000700098084001300105100002400118245013600142250001000278260004500288300001700333600001300350990001500363990001500378INLIS00000000000708920250916085404 a0010-0725000082ta250916 | | |  a24 a24 IND a0 aINDRIYANI NURHALIZA1 aANALISIS PENGGUNAAN PRESENSI SIDIK JARI (FINGER PRINT) UNTUK MENINGKATKAN KEDISIPLINAN SISWA SMKN 2 KASONGAN /cINDRIYANI NURHALIZA aCet 1 aPalangkaraya :bPerpustakaan UMPR,c2025 axiii, 77 hlm 4aPRESENSI a2124024708 a2124024708